Catálogo
 En Linea

Diplomacia encubierta con Cuba : (Registro nro. 56941)

Detalles MARC
000 -CABECERA
campo de control de longitud fija 02012cam a2200397 i 4500
003 - IDENTIFICADOR DEL NÚMERO DE CONTROL
campo de control DO-SdBNP
005 - FECHA Y HORA DE LA ÚLTIMA TRANSACCIÓN
campo de control 20240624125718.0
007 - CAMPO FIJO DE DESCRIPCIÓN FÍSICA--INFORMACIÓN GENERAL
campo de control de longitud fija ta
008 - DATOS DE LONGITUD FIJA--INFORMACIÓN GENERAL
campo de control de longitud fija 240624s2015 mx c 000 f spa d
020 ## - NÚMERO INTERNACIONAL ESTÁNDAR DEL LIBRO
Número Internacional Estándar del Libro 9786071633217
040 ## - FUENTE DE LA CATALOGACIÓN
Centro catalogador/agencia de origen DO-SdBNP
Centro/agencia transcriptor spa
Centro/agencia modificador BNPHU
Normas de descripción rda
082 ## - NÚMERO DE LA CLASIFICACIÓN DECIMAL DEWEY
Número de clasificación 327.7307291
Número de documento/Ítem L578
Número de edición 22
100 1# - ENTRADA PRINCIPAL--NOMBRE DE PERSONA
Nombre de persona LeoGrande, William M.
Término indicativo de función/relación autor
9 (RLIN) 85764
245 10 - MENCIÓN DE TÍTULO
Título Diplomacia encubierta con Cuba :
Resto del título historia de las negociaciones secretas entre washington y La Habana /
Mención de responsabilidad, etc. William M. LeoGrande, Peter Kornbluh ; traducción Sandra Sepúlveda Amor ; traducción de abreviaturas, notas, bibliografía e índice Johanna Malcher ; revisión Fausto José Trejo ; prólogo Jorge I. Domínguez
264 #1 - PRODUCCIÓN, PUBLICACIÓN, DISTRIBUCIÓN, FABRICACIÓN Y COPYRIGHT
Producción, publicación, distribución, fabricación y copyright Mexico :
Nombre del de productor, editor, distribuidor, fabricante Fondo de Cultura Económica,
Fecha de producción, publicación, distribución, fabricación o copyright 2015.
300 ## - DESCRIPCIÓN FÍSICA
Extensión 628 páginas
Otras características físicas retratos
Dimensiones 23 cm.
336 ## - TIPO DE CONTENIDO
Fuente rdacontent
Término de tipo de contenido texto
Código de tipo de contenido txt
337 ## - TIPO DE MEDIO
Fuente rdamedia
Nombre/término del tipo de medio sin mediación
Código del tipo de medio n
338 ## - TIPO DE SOPORTE
Fuente rdacarrier
Nombre/término del tipo de soporte volumen
Código del tipo de soporte nc
490 1# - MENCIÓN DE SERIE
Mención de serie Política y derecho
500 ## - NOTA GENERAL
Nota general Incluye datos biografícos de los autores en las solapas.
500 ## - NOTA GENERAL
Nota general Incluye índice analítico, p: 605-628
500 ## - NOTA GENERAL
Nota general Primera edición en español.
504 ## - NOTA DE BIBLIOGRAFÍA, ETC.
Nota de bibliografía, etc. Bibliografía p: 585-603
520 ## - SUMARIO, ETC.
Sumario, etc. Este libro investiga la historia de los diálogos secretos, a menudo sorprendentes, entre Washington y La Habana. Los autores, que pasaron más de una década examinando archivos clasificados, ofrecen una relación completa del as negociaciones a partir de 1959, lo que sugiere que el pasado tiene lecciones para los futuros negociadores.
590 ## - NOTA LOCAL (RLIN)
Nota local Inventariado, 2024/ YL
650 #4 - PUNTO DE ACCESO ADICIONAL DE MATERIA--TÉRMINO DE MATERIA
Término de materia o nombre geográfico como elemento de entrada Novela española
9 (RLIN) 1123
650 #4 - PUNTO DE ACCESO ADICIONAL DE MATERIA--TÉRMINO DE MATERIA
Término de materia o nombre geográfico como elemento de entrada Literatura española
9 (RLIN) 632
700 1# - PUNTO DE ACCESO ADICIONAL--NOMBRE DE PERSONA
Nombre de persona Kornbluh, Peter
Término indicativo de función/relación autor
9 (RLIN) 85765
700 1# - PUNTO DE ACCESO ADICIONAL--NOMBRE DE PERSONA
Nombre de persona Sepúlveda Amor, Sandra
Término indicativo de función/relación traducción
9 (RLIN) 85766
700 1# - PUNTO DE ACCESO ADICIONAL--NOMBRE DE PERSONA
Nombre de persona Malcher, Johanna
Término indicativo de función/relación traducción de abreviaturas, notas, bibliografía e índice
9 (RLIN) 85767
700 1# - PUNTO DE ACCESO ADICIONAL--NOMBRE DE PERSONA
Nombre de persona Trejo, Fausto José
Término indicativo de función/relación revisión
9 (RLIN) 85768
700 1# - PUNTO DE ACCESO ADICIONAL--NOMBRE DE PERSONA
Nombre de persona Domínguez, Jorge I.
Término indicativo de función/relación prólogo
9 (RLIN) 85769
910 ## - DATOS DE OPCIÓN DEL USUARIO (OCLC)
Datos de opción del usuario YLockward
942 ## - ELEMENTOS DE PUNTO DE ACCESO ADICIONAL (KOHA)
Fuente del sistema de clasificación o colocación Dewey Decimal Classification
Tipo de ítem Koha Libro
Existencias
Estado de retiro Estado de pérdida Fuente del sistema de clasificación o colocación Restricciones de uso No para préstamo Código de colección Localización permanente Ubicación/localización actual Ubicación en estantería Fecha de adquisición Fuente de adquisición Total de préstamos Signatura topográfica completa Código de barras Fecha visto por última vez Precio válido a partir de Tipo de ítem Koha
    Dewey Decimal Classification Préstamo en sala   General Biblioteca Nacional Pedro Henríquez Ureña Biblioteca Nacional Pedro Henríquez Ureña En catalogación 04.08.2023 Donación   BNPHU GR 327.7307291 L578 2024-3671 24.06.2024 24.06.2024 Libro

Con tecnología Koha